000 00567nam a2200229Ia 4500
003 OSt
005 20220928124251.0
006 a|||||r|||| 00| 0
007 ta
008 220927b |||||||| |||| 00| 0 eng d
024 _a46020
037 _cTextual
040 _aSDCL
_cSDCL
_beng
041 _2eng
_aeng
082 _aV3y7J19, L3
100 _aWarren W L
_9464140
245 0 _aHenry ii
260 _aLondon
_bEyre Methuen
_c1973
300 _axv,693p
_ccm.
942 _hV3y7J19, L3
_cTEXL
_2CC
999 _c777012
_d777012